| 000 | 00792nam a2200253 a 4500 | ||
|---|---|---|---|
| 001 | 000025017 | ||
| 003 | DO-SdBNP | ||
| 005 | 20240229073954.0 | ||
| 007 | ta | ||
| 008 | 110209s1990 dr 000 0 spa d | ||
| 040 |
_aDO-SdBNP _bspa _cBNPHU |
||
| 049 | _aBNPD | ||
| 082 | 4 | _222 | |
| 100 | 1 |
_aHeredia Bonetti, Luis _99316 |
|
| 245 | 1 | 0 |
_aDerecho, economía y empresa / _cLuis Heredia Bonetti ; edición Jennette Canals ; presentación Bernardo Vega. |
| 260 |
_aSanto Domingo : _bAmigo del Hogar, _c1990. |
||
| 300 |
_a221 p. ; _c23 cm. |
||
| 500 | _aIncluye datos biográficos del autor en la solapa | ||
| 504 | _aBibliografía : p. 220-221 | ||
| 590 | _aInventariado, 2023/BT | ||
| 700 | 1 |
_aCanals, Jennette _951349 |
|
| 700 | 1 |
_aVega, Bernardo, _d1938 - _93222 |
|
| 942 |
_2ddc _cLBS1 |
||
| 999 |
_c24510 _d24510 |
||